[Event "EWICC 2019"]
[Site "Antalya"]
[Date "2019.04.11"]
[Round "1.41"]
[White "Ovod, Evgenija"]
[Black "Narva, Triin"]
[Result "1-0"]
[WhiteElo "2367"]
[BlackElo "2129"]
[Annotator "NA"]
[PlyCount "99"]
[EventDate "2019.04.11"]
[EventType "swiss"]
[EventCountry "TUR"]
[SourceTitle "playchess.com"]
[Source "ChessBase"]
[SourceQuality "1"]

1. d4 g6 2. e4 Bg7 3. c3 d6 4. Bd3 Nf6 5. Nf3 O-O 6. O-O Nc6 7. d5 Ne5 8. Nxe5 dxe5 9. c4 e6 10. Bg5 h6 11. Bh4 exd5 12. cxd5 Qe7 13. Nc3 a6 14. Rc1 Rd8 15. Qe2 g5 16. Bg3 Bd7 17. Nd1 Ne8 18. Ne3 Rac8 19. Rc3 Nd6 20. Rfc1 c6 21. f3 Kh8 22. dxc6 Bxc6 23. Bxa6 Bxe4 24. Rxc8 Rxc8 25. Rxc8+ Nxc8 26. fxe4 bxa6 27. Qxa6 Qc5 28. Bf2 Nd6 29. b3 Bf8 30. Nc4 Qc7 31. Qa8 Kg7 32. Qd5 Nxc4 33. bxc4 Qb8 34. Qb5 Qd6 35. Qd5 Qb8 36. h3 Be7 37. c5 h5 38. g4 hxg4 39. hxg4 f6 40. Kg2 Qc8 41. Kf3 Qh8 42. Qd7 Qh1+ 43. Kg3 Kf7 44. c6 Qxe4 45. c7 Qf4+ 46. Kg2 Qe4+ 47. Kh2 Qc2 48. Kg3 Qc3+ 49. Kg2 e4 50. c8=Q 1-0

[Event "EWICC 2019"]
[Site "Antalya"]
[Date "2019.04.11"]
[Round "1.42"]
[White "Makka, Ioulia"]
[Black "Narva, Mai"]
[Result "0-1"]
[WhiteElo "2121"]
[BlackElo "2365"]
[Annotator "NA"]
[PlyCount "109"]
[EventDate "2019.04.11"]
[EventType "swiss"]
[EventCountry "TUR"]
[SourceTitle "playchess.com"]
[Source "ChessBase"]
[SourceQuality "1"]

1. e4 c5 2. Nf3 e6 3. d4 cxd4 4. Nxd4 Nc6 5. Nc3 Qc7 6. g3 a6 7. Bg2 Nf6 8. Nce2 Bc5 9. Nb3 Ba7 10. O-O d6 11. h3 h5 12. Nf4 Bd7 13. Nd3 Ne5 14. a4 Rc8 15. Nxe5 dxe5 16. c3 b5 17. axb5 Bxb5 18. Re1 Rd8 19. Qf3 O-O 20. Be3 Rd6 21. g4 hxg4 22. hxg4 Bxe3 23. Rxe3 Nh7 24. Qg3 Ng5 25. Rae1 f6 26. Nc1 Rfd8 27. b3 Rd1 28. c4 Bc6 29. Bf3 Rxe1+ 30. Rxe1 Qa5 31. Rf1 Qc3 32. Kg2 Nxe4 33. Bxe4 Bxe4+ 34. f3 Bc6 35. g5 Kf7 36. g6+ Ke7 37. Qf2 Rd2 38. Ne2 Qc2 39. Qc5+ Rd6 40. Rf2 Qxg6+ 41. Ng3 Qd3 42. Qa7+ Rd7 43. Qxa6 Bb7 44. Qb6 e4 45. fxe4 Bxe4+ 46. Nxe4 Qxe4+ 47. Kh2 Qh4+ 48. Kg2 Qg4+ 49. Kh2 Rd3 50. Qb7+ Kf8 51. Qa8+ Kf7 52. Qa7+ Kg8 53. Qa8+ Kh7 54. Kh1 Qh3+ 55. Rh2 0-1

[Event "EWICC 2019"]
[Site "Antalya"]
[Date "2019.04.11"]
[Round "1.43"]
[White "Arakhamia-Grant, Ketevan"]
[Black "Olde, Margareth"]
[Result "1-0"]
[WhiteElo "2360"]
[BlackElo "2088"]
[Annotator "NA"]
[PlyCount "75"]
[EventDate "2019.04.11"]
[EventType "swiss"]
[EventCountry "TUR"]
[SourceTitle "playchess.com"]
[Source "ChessBase"]
[SourceQuality "1"]

1. e4 e5 2. Nf3 Nc6 3. Bb5 a6 4. Ba4 Nf6 5. d3 d6 6. c3 Be7 7. O-O O-O 8. Re1 b5 9. Bb3 Na5 10. Bc2 c5 11. Nbd2 Nc6 12. Nf1 Re8 13. Ng3 h6 14. h3 Bf8 15. d4 cxd4 16. cxd4 exd4 17. Nxd4 Nxd4 18. Qxd4 Be6 19. Be3 Rc8 20. Qd2 Qc7 21. Rac1 Qb7 22. Bd4 Nd7 23. f4 Nc5 24. Bb1 Bd7 25. b4 Na4 26. Qd3 Be6 27. Nh5 Rxc1 28. Rxc1 Rc8 29. Re1 g6 30. f5 Bc4 31. Qg3 g5 32. h4 f6 33. Nxf6+ Kf7 34. hxg5 Bg7 35. gxh6 Bxf6 36. Qg6+ Kf8 37. Qxf6+ Bf7 38. h7 1-0

[Event "EWICC 2019"]
[Site "Antalya"]
[Date "2019.04.11"]
[Round "1.44"]
[White "Garifullina, Leya"]
[Black "Balajayeva, Khanim"]
[Result "1-0"]
[WhiteElo "2085"]
[BlackElo "2358"]
[Annotator "NA"]
[PlyCount "75"]
[EventDate "2019.04.11"]
[EventType "swiss"]
[EventCountry "TUR"]
[SourceTitle "playchess.com"]
[Source "ChessBase"]
[SourceQuality "1"]

1. e4 e5 2. Nf3 Nc6 3. Bb5 a6 4. Ba4 Nf6 5. O-O Be7 6. Re1 b5 7. Bb3 O-O 8. a4 Bb7 9. c3 d5 10. exd5 Nxd5 11. d4 exd4 12. cxd4 Bf6 13. Nc3 Nxc3 14. bxc3 b4 15. Bd2 a5 16. Rc1 bxc3 17. Bxc3 Nb4 18. Ne5 Qd6 19. Qg4 Rad8 20. Rb1 Bd5 21. Bxd5 Qxd5 22. Qg3 Rfe8 23. Ng4 Rxe1+ 24. Rxe1 Qc6 25. Nxf6+ Qxf6 26. d5 Qg6 27. Qxc7 Rf8 28. Bxb4 axb4 29. d6 b3 30. d7 Qf6 31. Qb8 g6 32. Qxb3 Rd8 33. Qd3 Kg7 34. g3 h5 35. Re8 Qa1+ 36. Kg2 Qf6 37. Rxd8 Qxd8 38. Qc3+ 1-0

[Event "EWICC 2019"]
[Site "Antalya"]
[Date "2019.04.11"]
[Round "1.45"]
[White "Zhukova, Natalia"]
[Black "Kejzar, Petra"]
[Result "0-1"]
[WhiteElo "2356"]
[BlackElo "2082"]
[Annotator "NA"]
[PlyCount "101"]
[EventDate "2019.04.11"]
[EventType "swiss"]
[EventCountry "TUR"]
[SourceTitle "playchess.com"]
[Source "ChessBase"]
[SourceQuality "1"]

1. d4 Nf6 2. c4 e6 3. Nc3 Bb4 4. Nf3 O-O 5. e3 d5 6. Bd3 c5 7. O-O cxd4 8. exd4 dxc4 9. Bxc4 b6 10. Bg5 Bb7 11. Rc1 Nc6 12. a3 Bxc3 13. Rxc3 Ne7 14. Bxf6 gxf6 15. Nh4 Ng6 16. Rh3 Re8 17. Qh5 Qc7 18. Re1 Rad8 19. Nf5 Nf8 20. Qg4+ Ng6 21. Qh5 Nf8 22. Nh6+ Kg7 23. Ng4 Qf4 24. Bd3 Rd5 25. Qh4 Rxd4 26. Bxh7 Qg5 27. Bb1 Qxh4 28. Rxh4 f5 29. Ne3 Rxh4 30. Nxf5+ exf5 31. Rxe8 Rd4 32. Re1 Be4 33. Ba2 Rd2 34. f3 Rxb2 35. fxe4 Rxa2 36. exf5 Rxa3 37. g4 Nh7 38. Kg2 b5 39. h4 b4 40. g5 b3 41. Re7 Nf8 42. Rb7 a5 43. h5 a4 44. h6+ Kg8 45. Rb8 Ra2+ 46. Kg3 Ra1 47. Kf4 a3 48. g6 fxg6 49. fxg6 Rf1+ 50. Ke5 a2 51. Kd4 0-1

[Event "EWICC 2019"]
[Site "Antalya"]
[Date "2019.04.11"]
[Round "1.46"]
[White "Nemcova, Karin"]
[Black "Brunello, Marina"]
[Result "0-1"]
[WhiteElo "2066"]
[BlackElo "2356"]
[Annotator "NA"]
[PlyCount "82"]
[EventDate "2019.04.11"]
[EventType "swiss"]
[EventCountry "TUR"]
[SourceTitle "playchess.com"]
[Source "ChessBase"]
[SourceQuality "1"]

1. e4 c5 2. Nf3 d6 3. d4 cxd4 4. Nxd4 Nf6 5. Nc3 a6 6. Be3 e5 7. Nb3 Be7 8. f3 Be6 9. Qd2 O-O 10. O-O-O Nbd7 11. g4 b5 12. g5 Nh5 13. Kb1 Nb6 14. Na5 Qc7 15. Nd5 Nxd5 16. exd5 Bxd5 17. Qxd5 Qxa5 18. f4 Nxf4 19. Bxf4 exf4 20. Bd3 Qd8 21. h4 Rc8 22. Rde1 g6 23. h5 Rc5 24. Qb7 Re5 25. Reg1 Qa8 26. Qd7 Qc8 27. Qa7 Qe6 28. Qxa6 Bxg5 29. hxg6 hxg6 30. Bxb5 f3 31. Rf1 f2 32. Rd1 Re1 33. Qc6 Qe5 34. a4 Bf6 35. c3 Kg7 36. Qf3 Rh8 37. Rxh8 Kxh8 38. Kc2 Rxd1 39. Qxd1 Qf5+ 40. Bd3 Qf4 41. a5 Qa4+ 0-1

[Event "EWICC 2019"]
[Site "Antalya"]
[Date "2019.04.11"]
[Round "1.47"]
[White "Mammadova, Gulnar"]
[Black "Soyunlu, Narmin"]
[Result "1-0"]
[WhiteElo "2349"]
[BlackElo "2064"]
[Annotator "NA"]
[PlyCount "69"]
[EventDate "2019.04.11"]
[EventType "swiss"]
[EventCountry "TUR"]
[SourceTitle "playchess.com"]
[Source "ChessBase"]
[SourceQuality "1"]

1. e4 e5 2. Nf3 Nc6 3. Bb5 a6 4. Ba4 Nf6 5. O-O b5 6. Bb3 Be7 7. Re1 d6 8. c3 O-O 9. d4 Bg4 10. Be3 Na5 11. Bc2 exd4 12. cxd4 c5 13. h3 Bxf3 14. Qxf3 cxd4 15. Bxd4 Rc8 16. Qd1 Qc7 17. Nc3 Rfe8 18. Rc1 Qb7 19. Nd5 Nxd5 20. exd5 Qxd5 21. Qg4 Bf8 22. Bc3 h5 23. Qg3 Rxe1+ 24. Rxe1 b4 25. Be4 Qc5 26. Bd2 Qd4 27. Qf4 Rc4 28. b3 d5 29. bxc4 dxe4 30. Rxe4 Qa1+ 31. Kh2 Qxa2 32. Re8 Nc6 33. Qd6 Qxc4 34. Rxf8+ Kh7 35. Rc8 1-0

[Event "EWICC 2019"]
[Site "Antalya"]
[Date "2019.04.11"]
[Round "1.48"]
[White "Aleksanyan Cadir, Nelli"]
[Black "Khukhashvili, Sopiko"]
[Result "1/2-1/2"]
[WhiteElo "2043"]
[BlackElo "2342"]
[Annotator "ChessBase"]
[PlyCount "49"]
[EventDate "2019.04.11"]
[EventType "swiss"]
[EventCountry "TUR"]
[SourceTitle "playchess.com"]
[Source "ChessBase"]
[SourceQuality "1"]

1. d4 d6 2. c4 e5 3. dxe5 dxe5 4. Qxd8+ Kxd8 5. Nc3 Be6 6. e4 Nd7 7. Nf3 f6 8. Be3 Bb4 9. Rc1 c6 10. a3 Bc5 11. Bxc5 Nxc5 12. b4 Nd7 13. Nd2 a5 14. c5 axb4 15. axb4 b5 16. cxb6 Nxb6 17. Be2 Ne7 18. O-O Kc8 19. b5 Kb7 20. bxc6+ Nxc6 21. Rb1 Kc7 22. Nb5+ Kb7 23. Nd6+ Kc7 24. Nb5+ Kb7 25. Nd6+ 1/2-1/2

[Event "EWICC 2019"]
[Site "Antalya"]
[Date "2019.04.11"]
[Round "1.49"]
[White "Doluhanova, Evgeniya"]
[Black "Gokbulut, Julia"]
[Result "1/2-1/2"]
[WhiteElo "2339"]
[BlackElo "2021"]
[Annotator "NA"]
[PlyCount "107"]
[EventDate "2019.04.11"]
[EventType "swiss"]
[EventCountry "TUR"]
[SourceTitle "playchess.com"]
[Source "ChessBase"]
[SourceQuality "1"]

1. Nf3 Nf6 2. b3 d5 3. Bb2 g6 4. c4 c6 5. g3 Bg7 6. Bg2 O-O 7. O-O Bg4 8. cxd5 cxd5 9. Ne5 Bf5 10. Nc3 Nc6 11. Nxc6 bxc6 12. Na4 Rc8 13. Rc1 Re8 14. Be5 Ne4 15. Bxg7 Kxg7 16. d3 Nf6 17. Qc2 e5 18. e4 Be6 19. Qc3 Nd7 20. f4 dxe4 21. dxe4 f6 22. Rfd1 Qc7 23. f5 gxf5 24. exf5 Bxf5 25. Bxc6 Re7 26. Qb4 Rf7 27. Rc3 Qb8 28. Qd6 Bg4 29. Rd2 Qxd6 30. Rxd6 Nb8 31. Bb5 Rfc7 32. Rc4 Rxc4 33. Bxc4 Nc6 34. Kf2 Rc7 35. Nb2 Na5 36. Ra6 Nxc4 37. Nxc4 Bc8 38. Rd6 Kf7 39. Ke3 Be6 40. Na3 Ke7 41. Ra6 Bd7 42. Ra5 h5 43. Nc4 Be6 44. Ra4 Bxc4 45. bxc4 Ke6 46. Kd3 Kf5 47. Ra6 Rd7+ 48. Ke3 Rc7 49. Ra4 Rc5 50. h3 Rc7 51. Kf3 Rc5 52. Ke3 Rc7 53. Kf3 Rc5 54. Ke3 1/2-1/2

[Event "EWICC 2019"]
[Site "Antalya"]
[Date "2019.04.11"]
[Round "1.50"]
[White "Sahin, Handenur"]
[Black "Solozhenkina, Elizaveta"]
[Result "0-1"]
[WhiteElo "2017"]
[BlackElo "2330"]
[Annotator "NA"]
[PlyCount "116"]
[EventDate "2019.04.11"]
[EventType "swiss"]
[EventCountry "TUR"]
[SourceTitle "playchess.com"]
[Source "ChessBase"]
[SourceQuality "1"]

1. e4 c5 2. c3 Nf6 3. e5 Nd5 4. d4 cxd4 5. Nf3 Nc6 6. cxd4 d6 7. Bc4 dxe5 8. Nxe5 e6 9. O-O Be7 10. Re1 O-O 11. Nxc6 bxc6 12. Nc3 Rb8 13. Qe2 Nb6 14. Bb3 Qxd4 15. Be3 Qb4 16. Qf3 Bb7 17. Rad1 Rbd8 18. h3 Nc8 19. Bd2 c5 20. Qh5 Qb6 21. Ne4 Bxe4 22. Rxe4 Rd4 23. Re3 Nd6 24. Bc3 Rxd1+ 25. Bxd1 Nf5 26. Bc2 g6 27. Bxf5 exf5 28. Qh6 Bf6 29. Bxf6 Qxf6 30. Rc3 Rd8 31. Qc1 Qe6 32. Rxc5 Qxa2 33. Rc7 Qa4 34. Rc8 Qd7 35. Rc7 Qd4 36. Qc4 Qxc4 37. Rxc4 Rd1+ 38. Kh2 Rd2 39. Rb4 Rxf2 40. Kg3 Rd2 41. Kf3 Kg7 42. Rb7 a5 43. Rb5 a4 44. Rb4 a3 45. bxa3 Rd3+ 46. Kf4 Rxa3 47. Rc4 h6 48. h4 Ra1 49. Rb4 Re1 50. Rb5 Rh1 51. g3 Rf1+ 52. Ke3 f4+ 53. Ke2 Rh1 54. Kf3 fxg3 55. Kxg3 Rg1+ 56. Kh2 Rg4 57. Kh3 Re4 58. Rb7 g5 0-1

[Event "EWICC 2019"]
[Site "Antalya"]
[Date "2019.04.11"]
[Round "1.51"]
[White "Sargsyan, Anna M."]
[Black "Sade, Defne"]
[Result "1-0"]
[WhiteElo "2327"]
[BlackElo "2013"]
[Annotator "NA"]
[PlyCount "75"]
[EventDate "2019.04.11"]
[EventType "swiss"]
[EventCountry "TUR"]
[SourceTitle "playchess.com"]
[Source "ChessBase"]
[SourceQuality "1"]

1. d4 d5 2. c4 c6 3. Nf3 Nf6 4. Nc3 dxc4 5. a4 e6 6. e4 Bb4 7. Bg5 Qa5 8. Bd2 Nbd7 9. Bxc4 O-O 10. O-O Rd8 11. e5 Nd5 12. Bd3 h6 13. Qe1 Nxc3 14. bxc3 Be7 15. Qe4 f5 16. exf6 Nxf6 17. Qe2 Qc7 18. Ne5 c5 19. Be3 b6 20. Qf3 Bb7 21. Qh3 Qc8 22. Bxh6 Bd6 23. Bg5 Bxe5 24. dxe5 Qc6 25. Bb5 Qd5 26. exf6 Qxg5 27. Qxe6+ Kh7 28. Qh3+ Kg8 29. Bc4+ Bd5 30. Bxd5+ Rxd5 31. Qe6+ Kh7 32. Rae1 Rad8 33. fxg7 Kxg7 34. Re3 R8d6 35. Qe4 Qf5 36. Qh4 Qf6 37. Rg3+ Kf7 38. Qh7+ 1-0

[Event "EWICC 2019"]
[Site "Antalya"]
[Date "2019.04.11"]
[Round "1.52"]
[White "Chan, Naruna"]
[Black "Beydullayeva, Govhar"]
[Result "1/2-1/2"]
[WhiteElo "2004"]
[BlackElo "2316"]
[Annotator "NA"]
[PlyCount "115"]
[EventDate "2019.04.11"]
[EventType "swiss"]
[EventCountry "TUR"]
[SourceTitle "playchess.com"]
[Source "ChessBase"]
[SourceQuality "1"]

1. e4 c5 2. c3 d5 3. exd5 Qxd5 4. d4 g6 5. Nf3 Bg7 6. Be3 cxd4 7. Na3 Nf6 8. Bc4 Qa5 9. Nxd4 O-O 10. O-O Nc6 11. Nb3 Qc7 12. Nb5 Qb8 13. h3 a6 14. N5d4 Qc7 15. Nxc6 Qxc6 16. Be2 e5 17. Na5 Qc7 18. Nc4 Be6 19. Qd6 Qxd6 20. Nxd6 Nd5 21. Bc5 b6 22. Ba3 Rfd8 23. Ne4 h6 24. Rfd1 f5 25. Ng3 Kf7 26. Bf1 h5 27. Ne2 Nc7 28. c4 b5 29. cxb5 Nxb5 30. Rxd8 Rxd8 31. Bb4 e4 32. Nf4 Bxb2 33. Nxe6 Kxe6 34. Rb1 Be5 35. a4 Nc7 36. Rc1 Rb8 37. Ba5 Kd7 38. Rd1+ Ke7 39. Rc1 Kd7 40. Rd1+ Ke7 41. Rc1 Nd5 42. Bxa6 e3 43. fxe3 Rb2 44. Bb5 Nxe3 45. Bc6 g5 46. Be1 Bd4 47. Bf2 Kd6 48. Be8 h4 49. Re1 f4 50. Bb5 Ra2 51. Re2 Ra1+ 52. Re1 Ra2 53. Re2 Ra3 54. Bxe3 fxe3 55. Kf1 Ke5 56. Rc2 Rc3 57. Rxc3 Bxc3 58. Ke2 1/2-1/2

[Event "EWICC 2019"]
[Site "Antalya"]
[Date "2019.04.11"]
[Round "1.53"]
[White "Garcia Martin, Marta"]
[Black "Palma, Maria"]
[Result "1-0"]
[WhiteElo "2315"]
[BlackElo "1998"]
[Annotator "NA"]
[PlyCount "103"]
[EventDate "2019.04.11"]
[EventType "swiss"]
[EventCountry "TUR"]
[SourceTitle "playchess.com"]
[Source "ChessBase"]
[SourceQuality "1"]

1. e4 c5 2. Nf3 g6 3. c4 Bg7 4. d4 cxd4 5. Nxd4 Nc6 6. Be3 Nf6 7. Nc3 Ng4 8. Qxg4 Nxd4 9. Qd1 e5 10. Bd3 O-O 11. O-O d6 12. Qd2 Be6 13. Ne2 Rc8 14. Rac1 Qb6 15. b3 a5 16. Rfd1 Rfd8 17. f3 Rc6 18. Nxd4 exd4 19. Bf2 Rdc8 20. Bf1 a4 21. Rb1 axb3 22. axb3 Ra8 23. Bxd4 Bxd4+ 24. Qxd4 Ra3 25. b4 Qxd4+ 26. Rxd4 Rc3 27. b5 Rc5 28. Rbd1 Bxc4 29. Bxc4 R3xc4 30. Rxc4 Rxc4 31. Rxd6 Rc5 32. Rb6 Rc7 33. Kf2 h5 34. Kg3 Kf8 35. Kf4 Ke7 36. Ke5 Rc5+ 37. Kd4 Rc7 38. h4 Kd7 39. e5 Ke7 40. Kd5 Rd7+ 41. Ke4 Rc7 42. Kd5 Rd7+ 43. Rd6 Rc7 44. e6 Kf6 45. g4 hxg4 46. fxg4 fxe6+ 47. Rxe6+ Kg7 48. g5 Rd7+ 49. Kc5 Kh7 50. Rd6 Re7 51. Kb6 Kg7 52. Ka7 1-0

[Event "EWICC 2019"]
[Site "Antalya"]
[Date "2019.04.11"]
[Round "1.54"]
[White "Ferkova, Dominika"]
[Black "Injac, Teodora"]
[Result "1/2-1/2"]
[WhiteElo "1993"]
[BlackElo "2310"]
[Annotator "NA"]
[PlyCount "52"]
[EventDate "2019.04.11"]
[EventType "swiss"]
[EventCountry "TUR"]
[SourceTitle "playchess.com"]
[Source "ChessBase"]
[SourceQuality "1"]

1. d4 Nf6 2. c4 d6 3. Nc3 e5 4. d5 e4 5. Bg5 Be7 6. e3 Bf5 7. Nge2 Nbd7 8. Ng3 Bg6 9. Bxf6 Nxf6 10. Qc2 O-O 11. Ngxe4 Nxe4 12. Nxe4 c6 13. Bd3 cxd5 14. cxd5 Rc8 15. Qd2 Bxe4 16. Bxe4 f5 17. Bd3 Bg5 18. O-O f4 19. exf4 Bxf4 20. Qe2 Qf6 21. Rae1 Be5 22. b3 Rce8 23. Qg4 g6 24. Kh1 Bd4 25. f3 Be5 26. f4 Bc3 1/2-1/2

[Event "EWICC 2019"]
[Site "Antalya"]
[Date "2019.04.11"]
[Round "1.55"]
[White "Sieber, Fiona"]
[Black "Anacoglu, Cisel"]
[Result "0-1"]
[WhiteElo "2310"]
[BlackElo "1958"]
[Annotator "NA"]
[PlyCount "64"]
[EventDate "2019.04.11"]
[EventType "swiss"]
[EventCountry "TUR"]
[SourceTitle "playchess.com"]
[Source "ChessBase"]
[SourceQuality "1"]

1. e4 e5 2. Nf3 Nc6 3. Bb5 a6 4. Ba4 Nf6 5. O-O Be7 6. Re1 b5 7. Bb3 O-O 8. c3 d5 9. exd5 Nxd5 10. Nxe5 Nxe5 11. Rxe5 c6 12. d3 Bd6 13. Re1 Bf5 14. Qf3 Qd7 15. Bxd5 cxd5 16. g3 Rae8 17. Bd2 Rxe1+ 18. Bxe1 Qe6 19. Nd2 Re8 20. Nf1 Bg4 21. Qe3 Qd7 22. Qg5 Re5 23. Qc1 Be2 24. h4 Qh3 25. Nh2 Bxd3 26. Qf4 Bf5 27. Rd1 Re6 28. Qd2 Be4 29. f3 Bc5+ 30. Bf2 Qxg3+ 31. Kf1 Bd3+ 32. Qxd3 Qxf2# 0-1

[Event "EWICC 2019"]
[Site "Antalya"]
[Date "2019.04.11"]
[Round "1.56"]
[White "Hereklioglu, Sude"]
[Black "Protopopova, Anastasiya"]
[Result "1-0"]
[WhiteElo "1948"]
[BlackElo "2308"]
[Annotator "NA"]
[PlyCount "75"]
[EventDate "2019.04.11"]
[EventType "swiss"]
[EventCountry "TUR"]
[SourceTitle "playchess.com"]
[Source "ChessBase"]
[SourceQuality "1"]

1. Nf3 Nf6 2. g3 d5 3. Bg2 g6 4. O-O Bg7 5. d3 O-O 6. Nbd2 c5 7. e4 e6 8. Re1 Nc6 9. Qe2 a5 10. Nf1 b6 11. e5 Nd7 12. Bf4 Ba6 13. c4 Re8 14. h4 b5 15. b3 a4 16. Rac1 Rb8 17. cxd5 exd5 18. Ng5 Nd4 19. Qd1 h6 20. e6 fxe6 21. Nxe6 Nxe6 22. Bxb8 Nxb8 23. Qg4 Bc8 24. Qxg6 axb3 25. axb3 Re7 26. Ne3 Nc7 27. Nxd5 Nxd5 28. Bxd5+ Kf8 29. Rxe7 Qxe7 30. d4 Nd7 31. dxc5 Ne5 32. Qh7 Ke8 33. c6 b4 34. c7 Bf8 35. Qe4 h5 36. f4 Bg7 37. fxe5 Bxe5 38. Qg6+ 1-0

[Event "EWICC 2019"]
[Site "Antalya"]
[Date "2019.04.11"]
[Round "1.57"]
[White "Tomilova, Elena"]
[Black "Aydin, Gulenay"]
[Result "1/2-1/2"]
[WhiteElo "2307"]
[BlackElo "1936"]
[Annotator "NA"]
[PlyCount "85"]
[EventDate "2019.04.11"]
[EventType "swiss"]
[EventCountry "TUR"]
[SourceTitle "playchess.com"]
[Source "ChessBase"]
[SourceQuality "1"]

1. e4 c5 2. Nf3 d6 3. d4 cxd4 4. Qxd4 a6 5. c4 Nc6 6. Qd2 g6 7. Nc3 Bg7 8. b3 Nf6 9. Bb2 O-O 10. h3 Bd7 11. Be2 Qa5 12. Rd1 Nxe4 13. Nxe4 Bxb2 14. O-O Qxd2 15. Rxd2 Bg7 16. c5 Bf5 17. Ng3 dxc5 18. Nxf5 gxf5 19. Rd5 Nd4 20. Nxd4 cxd4 21. Rxf5 Rac8 22. Bc4 b5 23. Bd3 Rc3 24. Rd1 Rfc8 25. Rh5 h6 26. Rd2 e6 27. f4 R8c5 28. Rxc5 Rxc5 29. Rc2 Rxc2 30. Bxc2 Kf8 31. Be4 a5 32. Kf2 Ke7 33. Bd3 b4 34. g4 Kd6 35. h4 e5 36. Kf3 exf4 37. Kxf4 Bf6 38. h5 Bg5+ 39. Ke4 Be3 40. Kf5 Bg5 41. Ke4 Be3 42. Bc4 f6 43. Kf5 1/2-1/2

[Event "EWICC 2019"]
[Site "Antalya"]
[Date "2019.04.11"]
[Round "1.58"]
[White "Pipia, Ekaterine"]
[Black "Lubbe, Melanie"]
[Result "0-1"]
[WhiteElo "1936"]
[BlackElo "2304"]
[Annotator "NA"]
[PlyCount "120"]
[EventDate "2019.04.11"]
[EventType "swiss"]
[EventCountry "TUR"]
[SourceTitle "playchess.com"]
[Source "ChessBase"]
[SourceQuality "1"]

1. d4 Nf6 2. c4 g6 3. Nc3 Bg7 4. e4 d6 5. Nf3 O-O 6. Be2 e5 7. O-O exd4 8. Nxd4 Re8 9. f3 c6 10. Be3 d5 11. cxd5 Nxd5 12. Nxd5 cxd5 13. Qb3 Nc6 14. Rad1 Nxd4 15. Bxd4 Bxd4+ 16. Rxd4 Qf6 17. Rfd1 dxe4 18. Bb5 Be6 19. Qa4 Red8 20. fxe4 a6 21. e5 Qg5 22. Bf1 Qe3+ 23. Kh1 Rxd4 24. Rxd4 Rc8 25. Rd1 Qxe5 26. b3 h5 27. Qb4 Qc7 28. Be2 Qc2 29. Bf3 b5 30. Qa5 Bg4 31. Bxg4 hxg4 32. Rg1 g3 33. hxg3 Qe2 34. Re1 Qf2 35. Rd1 Rc5 36. Qd8+ Kh7 37. g4 Rc2 38. Qd5 Rxa2 39. g5 Re2 40. Kh2 Qf4+ 41. Kg1 Re5 42. Qd3 Qxg5 43. Rf1 Kg7 44. Ra1 a5 45. Qd4 Qe3+ 46. Qxe3 Rxe3 47. Rxa5 Rxb3 48. Ra6 Kh6 49. Rf6 Kg7 50. Rb6 b4 51. Kh2 f5 52. g3 Kh6 53. Kg2 Kh5 54. Kf2 g5 55. Rc6 Kg4 56. Rc4+ Kh3 57. Rc6 Rb2+ 58. Kf3 g4+ 59. Kf4 Rf2+ 60. Ke3 Kxg3 0-1

[Event "EWICC 2019"]
[Site "Antalya"]
[Date "2019.04.11"]
[Round "1.59"]
[White "Worek, Joanna"]
[Black "Kocyigit, Buse Naz"]
[Result "1-0"]
[WhiteElo "2299"]
[BlackElo "1932"]
[Annotator "NA"]
[PlyCount "65"]
[EventDate "2019.04.11"]
[EventType "swiss"]
[EventCountry "TUR"]
[SourceTitle "playchess.com"]
[Source "ChessBase"]
[SourceQuality "1"]

1. c4 Nf6 2. Nc3 d5 3. cxd5 Nxd5 4. Nf3 g6 5. Qb3 Nb6 6. d4 Bg7 7. Bf4 O-O 8. e3 c6 9. Be2 Na6 10. a3 Nc7 11. Rd1 Be6 12. Qc2 Qc8 13. e4 Rd8 14. Be5 Bg4 15. Bxg7 Kxg7 16. Ne5 Bxe2 17. Nxe2 f6 18. Nf3 Ne6 19. O-O Qc7 20. g3 c5 21. d5 Nf8 22. Nf4 Rac8 23. Rfe1 Qd7 24. e5 Re8 25. h4 Qa4 26. Qc3 Qc4 27. Qe3 Qb5 28. b3 Rcd8 29. Qc3 Nbd7 30. h5 Qb6 31. d6 fxe5 32. Nxe5 Kg8 33. Nc4 1-0

[Event "EWICC 2019"]
[Site "Antalya"]
[Date "2019.04.11"]
[Round "1.60"]
[White "Pintor, Ariana"]
[Black "Belenkaya, Dina"]
[Result "1/2-1/2"]
[WhiteElo "1918"]
[BlackElo "2297"]
[Annotator "NA"]
[PlyCount "270"]
[EventDate "2019.04.11"]
[EventType "swiss"]
[EventCountry "TUR"]
[SourceTitle "playchess.com"]
[Source "ChessBase"]
[SourceQuality "1"]

1. e4 c6 2. d4 d5 3. Nc3 dxe4 4. Nxe4 Bf5 5. Ng3 Bg6 6. h4 h6 7. Nf3 Nd7 8. h5 Bh7 9. Bd3 Bxd3 10. Qxd3 e6 11. Bd2 Ngf6 12. O-O-O Be7 13. Kb1 O-O 14. Ne4 Nxe4 15. Qxe4 Nf6 16. Qe2 Qd5 17. Ne5 Qe4 18. Qxe4 Nxe4 19. Be3 Rfd8 20. g4 Bd6 21. f3 Nf6 22. Rdg1 Nd5 23. Bc1 c5 24. c3 cxd4 25. cxd4 Rac8 26. f4 Ne7 27. g5 Nf5 28. gxh6 Nxh6 29. f5 Nxf5 30. h6 g6 31. h7+ Kg7 32. Rh3 Rh8 33. Rgh1 f6 34. Nf3 g5 35. Nxg5 fxg5 36. Bxg5 Be7 37. Bxe7 Nxe7 38. Rg1+ Kf7 39. Rf1+ Nf5 40. d5 Rc5 41. dxe6+ Kxe6 42. Rh5 Re5 43. Rg1 Ne7 44. Rh3 Kf6 45. Rc1 Ng6 46. Rc7 Re7 47. Rf3+ Ke6 48. Re3+ Kd6 49. Rexe7 Nxe7 50. Rxb7 Nc8 51. Kc2 Kc6 52. Rg7 Nb6 53. Rxa7 Nd7 54. Kc3 Rxh7 55. a4 Rh3+ 56. Kb4 Nc5 57. Kc4 Rh4+ 58. Kc3 Nxa4+ 59. Kc2 Rh2+ 60. Kd3 Nc5+ 61. Kc3 Kd5 62. Ra8 Rh3+ 63. Kd2 Nb3+ 64. Kc2 Nd4+ 65. Kd2 Nc6 66. Re8 Rb3 67. Kc1 Kd4 68. Kc2 Rh3 69. Rg8 Nb4+ 70. Kd2 Rh2+ 71. Kd1 Nd5 72. Rd8 Ke4 73. Re8+ Kd3 74. Ke1 Nf6 75. Rd8+ Ke3 76. Kd1 Ne4 77. b4 Rb2 78. b5 Re2 79. Re8 Rb2 80. Rd8 Nc5 81. Re8+ Kd3 82. Rd8+ Kc3 83. Rc8 Kc4 84. b6 Rxb6 85. Kd2 Re6 86. Rc7 Kd4 87. Rc8 Ne4+ 88. Kc2 Nd6 89. Rd8 Kc4 90. Kd2 Kd4 91. Kc2 Rh6 92. Rd7 Rh2+ 93. Kb3 Rh3+ 94. Kb4 Kd5 95. Rd8 Rh4+ 96. Kc3 Rc4+ 97. Kd3 Rd4+ 98. Kc3 Kc5 99. Rh8 Ne4+ 100. Kb3 Rd3+ 101. Kc2 Rc3+ 102. Kb2 Re3 103. Kc2 Nd6 104. Rd8 Nf7 105. Rc8+ Kd4 106. Rc7 Ne5 107. Rc8 Nd3 108. Rd8+ Kc4 109. Rc8+ Nc5 110. Kd2 Re7 111. Rc6 Re8 112. Rc7 Kd4 113. Rh7 Ne4+ 114. Kc2 Rc8+ 115. Kb3 Nd2+ 116. Kb2 Nc4+ 117. Kb3 Rb8+ 118. Ka4 Ne5 119. Rc7 Nd3 120. Ka5 Nb4 121. Rc1 Na2 122. Rc7 Nc3 123. Ka6 Rb3 124. Rc8 Ne4 125. Ka5 Nd6 126. Rc7 Rb1 127. Ka6 Kd5 128. Rc2 Nc4 129. Rh2 Rb6+ 130. Ka7 Kc5 131. Rh5+ Kb4 132. Rh4 Rb5 133. Rg4 Rc5 134. Kb7 Kb5 135. Rg1 Na5+ 1/2-1/2

[Event "EWICC 2019"]
[Site "Antalya"]
[Date "2019.04.11"]
[Round "1.61"]
[White "Maltsevskaya, Aleksandra"]
[Black "Koljevic, Nikolina"]
[Result "1-0"]
[WhiteElo "2296"]
[BlackElo "1917"]
[Annotator "NA"]
[PlyCount "73"]
[EventDate "2019.04.11"]
[EventType "swiss"]
[EventCountry "TUR"]
[SourceTitle "playchess.com"]
[Source "ChessBase"]
[SourceQuality "1"]

1. Nf3 d5 2. g3 Nf6 3. Bg2 e6 4. O-O Be7 5. c4 O-O 6. d4 c5 7. cxd5 exd5 8. Nc3 Nc6 9. dxc5 Bxc5 10. Na4 Be7 11. Be3 Bg4 12. Rc1 Re8 13. Nc5 Bxc5 14. Bxc5 Qd7 15. Re1 Rad8 16. Nd4 Bh3 17. Bh1 h5 18. Nxc6 bxc6 19. Qd4 Ne4 20. Bxa7 Ra8 21. Bc5 Nxc5 22. Rxc5 Rxa2 23. Bf3 Bg4 24. Rec1 Bxf3 25. exf3 Qb7 26. R5c2 Re6 27. h4 Qb5 28. Kg2 Ra4 29. Qd2 Rb4 30. Ra1 Ra4 31. Rac1 Rb4 32. Rxc6 Rxc6 33. Rxc6 Qxc6 34. Qxb4 g6 35. Qd4 Qb5 36. b4 Qa4 37. Qc5 1-0